Culture Générale - Série 1099 - Statistiques

Statistiques générales
  • Ce quiz a été pris 94 fois
  • Le résultat moyen est 7 sur 10
Statistiques - réponses
Question Réponse % Correct
Lors de quelle fête chrétienne les enfants vont traditionnellement chercher des oeufs dans le jardin ? Pâques
100%
Quelle est la capitale du Japon ? Tokyo
99%
Parmi les 5 sens de l'être humain, lequel se rapporte à l'adjectif : "tactile" ? toucher
98%
Quel éléphant de bandes dessinées et de dessins animés porte une couronne sur la tête ? Babar
94%
Le roman d'Émile Zola narrant la vie d'un grand magasin sous le Second Empire, s'intitule : "Au bonheur... des dames
93%
Quel chanteur espagnol, né en 1943, a été gardien de but de l'une des équipes du Real Madrid ? Julio Iglesias
60%
En quelle année a eu lieu le premier Grand Prix Eurovision de la chanson ? 1956
45%
La danse provençale exécutée par une file de danseurs qui se déplacent en sautant et en se tenant par la main est la... farandole
41%
Quel autre nom est donné à la pipe à eau orientale appelée chicha ? narguilé
41%
D'après la chanson "Oh les filles" du groupe "Au bonheur des dames", quel est le prénom du garçon avec qui "il est sorti" ? Marcel
28%
Aucun quiz correspondant
Distribution des résultats
% des personnes avec chaque résultat
Percentile par nombre de réponses
Votre historique - résultats
Vous n’avez pas pris ce quiz